000 00529nam a2200181Ia 4500
003 OSt
005 20200619120643.0
008 190216s9999||||xx |||||||||||||| ||und||
040 _coclc
082 _a954.02
_bRAY/S
100 _aRaychoudhary, S C
_93016
245 0 _aSocial, Cultural And Economic History Of India /
_cS C Raychoudhary
250 _a8th Ed.
260 _bSurjeet Publication,
_c2009.
_aDelhi:
300 _a279p
650 _aHistory
942 _cBK
_2ddc
_h954.02
_iRAY/S
_k954.02
_mRAY/S
999 _c21454
_d21454